Řízení lidských zdrojů základy moderní personalistiky
Salvato in:
| Autore principale: | |
|---|---|
| Natura: | Libro |
| Lingua: | ceco |
| Pubblicazione: |
Praha
Management Press/Albatros Media
2015
|
| Edizione: | 5. rozšíř. a dopln. vyd. |
| Soggetti: | |
| Tags: |
Nessun Tag, puoi essere il primo ad aggiungerne!!
|
MARC
| LEADER | 00000nam a2200000 4500 | ||
|---|---|---|---|
| 001 | 0199125 | ||
| 005 | 20240314080112.9 | ||
| 020 | |a 978-80-7261-288-8 | ||
| 041 | 0 | |a cze | |
| 044 | |a CZ | ||
| 245 | 1 | 0 | |a Řízení lidských zdrojů |b základy moderní personalistiky |c Josef Koubek |
| 250 | |a 5. rozšíř. a dopln. vyd. | ||
| 264 | 1 | |a Praha |b Management Press/Albatros Media |c 2015 | |
| 300 | |a 399 s. | ||
| 610 | 2 | 0 | |a riadenie ľudských zdrojov |
| 610 | 2 | 0 | |a personalistika |
| 610 | 2 | 0 | |a organizácia |
| 610 | 2 | 0 | |a podnik |
| 610 | 2 | 0 | |a politika personálna |
| 610 | 2 | 0 | |a personalisti |
| 610 | 2 | 0 | |a efektívnosť |
| 610 | 2 | 0 | |a miesta pracovné |
| 610 | 2 | 0 | |a analýzy |
| 610 | 2 | 0 | |a zdroje informácií |
| 610 | 2 | 0 | |a pracovníci vedúci |
| 610 | 2 | 0 | |a plánovanie personálne |
| 610 | 2 | 0 | |a nábor pracovníkov |
| 610 | 2 | 0 | |a výber pracovníkov |
| 610 | 2 | 0 | |a výkony pracovné |
| 610 | 2 | 0 | |a hodnotenie pracovníkov |
| 610 | 2 | 0 | |a penzie |
| 610 | 2 | 0 | |a vzdelávanie |
| 610 | 2 | 0 | |a odmeňovanie |
| 610 | 2 | 0 | |a vzťahy pracovné |
| 610 | 2 | 0 | |a starostlivosť o pracovníkov |
| 610 | 2 | 0 | |a systémy informačné |
| 610 | 2 | 0 | |a útvary personálne |
| 100 | 1 | |a Koubek, Josef | |